[Event "21st Capablanca Memorial group B"]
[Site "Havana CUB"]
[Date "1986.05.20"]
[Round "1"]
[White "Bellon Lopez, Juan Manuel"]
[Black "Pigusov, Evgeny"]
[Result "1/2-1/2"]
[WhiteElo "2430"]
[BlackElo "2495"]
[EventDate "1986.05.20"]
[PlyCount "71"]

1.d4 Nf6 2.g3 d5 3.Bg2 c6 4.Nf3 Bf5 5.O-O Nbd7 6.Nh4 Bg6 7.Nxg6 hxg6 8.c4 
e6 9.Qb3 Qb6 10.Nc3 Be7 11.Bf4 O-O 12.Qxb6 axb6 13.cxd5 exd5 14.a4 Rfe8 
15.Rfd1 Bb4 16.Kf1 Ra6 17.Na2 Be7 18.Nc3 Nf8 19.Bh3 Bb4 20.Na2 Be7 21.Nc3 
Rea8 22.Rac1 Bb4 23.b3 Re8 24.Be5 Ne6 25.Bxe6 Rxe6 26.Bxf6 gxf6 27.h4 Re8 
28.e3 Kg7 29.Kg2 Ra5 30.Kf3 Rea8 31.Na2 Ba3 32.Rb1 Be7 33.Nc3 Bb4 34.Na2 
Bd6 35.Nc3 Bb4 36.Na2 1/2-1/2

[Event "21st Capablanca Memorial group B"]
[Site "Havana CUB"]
[Date "1986.05.20"]
[Round "1"]
[White "Hernandez Onna, Roman"]
[Black "Moran Nuque, Bernardo"]
[Result "1/2-1/2"]
[WhiteElo "2430"]
[BlackElo "2420"]
[EventDate "1986.05.20"]
[PlyCount "34"]

1.d4 Nf6 2.Nf3 e6 3.c4 b6 4.Nc3 Bb7 5.a3 d5 6.cxd5 exd5 7.g3 Be7 8.Qa4+ c6
9.Bh3 O-O 10.O-O Re8 11.Rd1 Ne4 12.Bd2 Bd6 13.Nxe4 dxe4 14.Nh4 Na6 15.Qc2 
g6 16.Bg2 Qe7 17.Bh3 c5 1/2-1/2

[Event "21st Capablanca Memorial group B"]
[Site "Havana CUB"]
[Date "1986.05.20"]
[Round "1"]
[White "Otero, Evelio"]
[Black "Garcia Martinez, Silvino"]
[Result "1/2-1/2"]
[WhiteElo "2390"]
[BlackElo "2455"]
[EventDate "1986.05.20"]
[PlyCount "20"]

1.c4 e5 2.Nc3 Nc6 3.g3 g6 4.Bg2 Bg7 5.e3 d6 6.Nge2 Nge7 7.O-O O-O 8.d3 a6 
9.Nd5 Rb8 10.Bd2 Be6 1/2-1/2

[Event "21st Capablanca Memorial group B"]
[Site "Havana CUB"]
[Date "1986.05.20"]
[Round "1"]
[White "Pinal Borges, Nelson"]
[Black "Verduga Zavala, Denis Homero"]
[Result "0-1"]
[WhiteElo "2390"]
[BlackElo "2425"]
[EventDate "1986.05.20"]
[PlyCount "52"]

1.e4 c5 2.Nf3 d6 3.Bb5+ Bd7 4.Bxd7+ Qxd7 5.O-O Nc6 6.c3 Nf6 7.Qe2 e6 8.d4 
cxd4 9.cxd4 d5 10.e5 Ne4 11.Be3 Be7 12.Ne1 f6 13.f3 Ng5 14.Nd3 O-O 15.Nc3 
fxe5 16.Bxg5 Bxg5 17.dxe5 Nd4 18.Qf2 Nf5 19.f4 Bd8 20.Kh1 Bb6 21.Qe2 Rac8 
22.Rac1 Qe8 23.g4 Ne3 24.Rf3 d4 25.Rxe3 dxe3 26.Rf1 Rd8 0-1

[Event "21st Capablanca Memorial group B"]
[Site "Havana CUB"]
[Date "1986.05.20"]
[Round "1"]
[White "Vera Gonzalez, Reynaldo"]
[Black "Lukacs, Peter"]
[Result "1/2-1/2"]
[WhiteElo "2455"]
[BlackElo "2460"]
[EventDate "1986.05.20"]
[PlyCount "38"]

1.e4 e5 2.Nf3 Nc6 3.d4 exd4 4.Bc4 Bc5 5.c3 Nf6 6.e5 d5 7.Bb5 Ne4 8.cxd4 
Bb6 9.Nc3 O-O 10.Be3 Bg4 11.Qc2 Bf5 12.Qa4 Ne7 13.Nh4 f6 14.Nxe4 Bxe4 15.
exf6 Rxf6 16.f3 Bf5 17.g4 Bg6 18.O-O-O a6 19.Bd3 Re6 1/2-1/2

[Event "21st Capablanca Memorial group B"]
[Site "Havana CUB"]
[Date "1986.05.20"]
[Round "1"]
[White "Vilela de Acuna, Jose Luis"]
[Black "Pecorelli Garcia, Humberto"]
[Result "1-0"]
[WhiteElo "2410"]
[BlackElo "2420"]
[EventDate "1986.05.20"]
[PlyCount "76"]

1.d4 Nf6 2.c4 g6 3.Nc3 Bg7 4.e4 d6 5.f3 O-O 6.Be3 Nc6 7.Qd2 a6 8.Nge2 Rb8 
9.a3 b5 10.cxb5 axb5 11.d5 Na5 12.Nd4 e5 13.Nc6 Nxc6 14.dxc6 Be6 15.Nxb5 
d5 16.Ba7 Rc8 17.Bc5 Re8 18.Nc3 d4 19.Nd1 Bd5 20.Ba6 Ra8 21.Bb7 Bxe4 22.
Bxa8 Bd3 23.Qxd3 e4 24.fxe4 Rxe4+ 25.Kd2 Re5 26.Bb4 Qxa8 27.Kc2 Qxc6+ 28.
Kb1 Qxg2 29.Re1 Ne4 30.Ka2 h5 31.Qxd4 c5 32.Qd8+ Kh7 33.Ba5 Qc2 34.Ne3 Qa4
35.Rac1 Re8 36.Qb6 Re6 37.Qb3 Qxa5 38.Nc4 Qa6 {time} 1-0

[Event "21st Capablanca Memorial group B"]
[Site "Havana CUB"]
[Date "1986.05.21"]
[Round "2"]
[White "Garcia Martinez, Silvino"]
[Black "Vera Gonzalez, Reynaldo"]
[Result "1/2-1/2"]
[WhiteElo "2455"]
[BlackElo "2455"]
[EventDate "1986.05.20"]
[PlyCount "25"]

1.d4 Nf6 2.c4 e6 3.Nf3 b6 4.g3 Bb7 5.Bg2 Be7 6.O-O O-O 7.Nc3 Ne4 8.Nxe4 
Bxe4 9.Ne1 Bxg2 10.Nxg2 d5 11.cxd5 exd5 12.Bf4 Nd7 13.Qc1 1/2-1/2

[Event "21st Capablanca Memorial group B"]
[Site "Havana CUB"]
[Date "1986.05.21"]
[Round "2"]
[White "Hernandez Onna, Roman"]
[Black "Vilela de Acuna, Jose Luis"]
[Result "1-0"]
[WhiteElo "2430"]
[BlackElo "2410"]
[EventDate "1986.05.20"]
[PlyCount "83"]

1.d4 Nf6 2.Nf3 g6 3.c4 Bg7 4.Nc3 d5 5.cxd5 Nxd5 6.e4 Nxc3 7.bxc3 c5 8.Be2 
O-O 9.O-O b6 10.Bf4 Bb7 11.Qd3 cxd4 12.cxd4 e6 13.Qe3 Nc6 14.Rad1 Qe7 15.
Bh6 Rfd8 16.Bxg7 Kxg7 17.h4 Rac8 18.h5 Nb4 19.Rd2 f6 20.h6+ Kg8 21.Bd1 Nc6
22.Bb3 Na5 23.Nh2 Nxb3 24.axb3 Rc7 25.Ra1 Ba8 26.Re1 e5 27.dxe5 fxe5 28.
Rxd8+ Qxd8 29.Ng4 Qe7 30.Qg3 Rc5 31.Rd1 Rc8 32.Rd7 Qg5 33.Rg7+ Kh8 34.Rf7 
Bxe4 35.Qxe5+ Qxe5 36.Nxe5 Bd5 37.Rxa7 Bxb3 38.Rb7 Re8 39.f4 g5 40.Ng4 
gxf4 41.Nf6 Re1+ 42.Kf2 1-0

[Event "21st Capablanca Memorial group B"]
[Site "Havana CUB"]
[Date "1986.05.21"]
[Round "2"]
[White "Lukacs, Peter"]
[Black "Bellon Lopez, Juan Manuel"]
[Result "1-0"]
[WhiteElo "2460"]
[BlackElo "2430"]
[EventDate "1986.05.20"]
[PlyCount "60"]

1.d4 Nf6 2.c4 c5 3.d5 b5 4.cxb5 a6 5.e3 g6 6.Nc3 Bg7 7.a4 O-O 8.Bc4 Ne8 9.
Rb1 axb5 10.axb5 Bb7 11.Nge2 Nd6 12.b3 Nxc4 13.bxc4 d6 14.O-O Nd7 15.Bb2 
Qa5 16.Ne4 Bxb2 17.Rxb2 Qa4 18.Rc2 Ne5 19.Nd2 Qb4 20.Nc1 f5 21.Qe2 Ra3 22.
f4 Ng4 23.Nd3 Qa4 24.Rfc1 e6 25.e4 exd5 26.exd5 Bxd5 27.h3 Nf6 28.Nb2 Qb3 
29.cxd5 Re8 30.Qf2 Ra2 1-0

[Event "21st Capablanca Memorial group B"]
[Site "Havana CUB"]
[Date "1986.05.21"]
[Round "2"]
[White "Moran Nuque, Bernardo"]
[Black "Verduga Zavala, Denis Homero"]
[Result "1/2-1/2"]
[WhiteElo "2420"]
[BlackElo "2425"]
[EventDate "1986.05.20"]
[PlyCount "56"]

1.d4 Nf6 2.c4 c5 3.d5 g6 4.Nc3 d6 5.Nf3 Bg7 6.e4 O-O 7.h3 a6 8.a4 e6 9.Bd3
exd5 10.exd5 Re8+ 11.Be3 Bf5 12.O-O Bxd3 13.Qxd3 Nbd7 14.Bf4 Qb6 15.a5 Qc7
16.Rfe1 Rxe1+ 17.Rxe1 Re8 18.Ra1 Nh5 19.Bd2 Ne5 20.Nxe5 Bxe5 21.g3 f5 22.
Kg2 Bd4 23.b4 Qf7 24.bxc5 dxc5 25.Re1 Rxe1 26.Bxe1 Qe7 27.Qe2 Kf7 28.Qxe7+
Kxe7 1/2-1/2

[Event "21st Capablanca Memorial group B"]
[Site "Havana CUB"]
[Date "1986.05.21"]
[Round "2"]
[White "Pecorelli Garcia, Humberto"]
[Black "Otero, Evelio"]
[Result "1-0"]
[WhiteElo "2420"]
[BlackElo "2390"]
[EventDate "1986.05.20"]
[PlyCount "67"]

1.Nf3 c5 2.b3 Nf6 3.Bb2 e6 4.e3 Be7 5.Be2 b6 6.O-O Bb7 7.d3 O-O 8.Nbd2 Nc6
9.a3 Qc7 10.d4 Rac8 11.Re1 Rfd8 12.Bd3 d5 13.Qe2 Nd7 14.Rab1 h6 15.c4 Bf8 
16.cxd5 exd5 17.Bf5 a5 18.Ne5 Ncxe5 19.dxe5 Re8 20.f4 Rcd8 21.Qg4 Nb8 22.
e6 Bc8 23.Be5 Qb7 24.Bxb8 fxe6 25.Bc2 Qxb8 26.Qg6 Be7 27.Nf3 d4 28.exd4 
cxd4 29.Bd3 Bf6 30.Ne5 Qa7 31.Qh7+ Kf8 32.Qh8+ Ke7 33.Nc6+ Kd6 34.Qxe8 1-0

[Event "21st Capablanca Memorial group B"]
[Site "Havana CUB"]
[Date "1986.05.21"]
[Round "2"]
[White "Pigusov, Evgeny"]
[Black "Garcia, Gildardo"]
[Result "1-0"]
[WhiteElo "2495"]
[BlackElo "2400"]
[EventDate "1986.05.20"]
[PlyCount "75"]

1.Nf3 d5 2.g3 Bg4 3.Bg2 c6 4.b3 Nf6 5.Bb2 e6 6.O-O Nbd7 7.d3 Bc5 8.Nbd2 
Qe7 9.a3 a5 10.e4 dxe4 11.dxe4 e5 12.Qe1 Bxf3 13.Nxf3 O-O 14.a4 b5 15.Qe2 
Rfb8 16.Ra2 Ra7 17.Ne1 bxa4 18.Rxa4 Nb6 19.Ra2 a4 20.Nd3 Bd6 21.Rfa1 Rba8 
22.Qd2 c5 23.Qc3 Nfd7 24.Bh3 Nf6 25.Bg2 Nfd7 26.Bh3 Nf6 27.Re1 Rc7 28.Nxe5
c4 29.Qe3 cxb3 30.cxb3 axb3 31.Rxa8+ Nxa8 32.Nd3 Ba3 33.Ra1 Ra7 34.Bg2 Ng4
35.Qd4 Nf6 36.e5 Ne8 37.Bc6 h6 38.Bxe8 {time} 1-0

[Event "21st Capablanca Memorial group B"]
[Site "Havana CUB"]
[Date "1986.05.22"]
[Round "3"]
[White "Bellon Lopez, Juan Manuel"]
[Black "Garcia Martinez, Silvino"]
[Result "1/2-1/2"]
[WhiteElo "2430"]
[BlackElo "2455"]
[EventDate "1986.05.20"]
[PlyCount "30"]

1.d4 Nf6 2.Bg5 d5 3.Nd2 g6 4.Bxf6 exf6 5.e3 c6 6.c3 Nd7 7.h4 f5 8.h5 Nf6 
9.hxg6 fxg6 10.Bd3 Bd6 11.Nh3 Qe7 12.Qe2 Ne4 13.O-O-O Bd7 14.Nf1 O-O-O 15.
f4 Rde8 1/2-1/2

[Event "21st Capablanca Memorial group B"]
[Site "Havana CUB"]
[Date "1986.05.22"]
[Round "3"]
[White "Garcia, Gildardo"]
[Black "Lukacs, Peter"]
[Result "0-1"]
[WhiteElo "2400"]
[BlackElo "2460"]
[EventDate "1986.05.20"]
[PlyCount "78"]

1.e4 e5 2.Nf3 Nc6 3.Bb5 a6 4.Ba4 Nf6 5.O-O Be7 6.Re1 b5 7.Bb3 d6 8.c3 O-O 
9.h3 Bb7 10.d4 Re8 11.Nbd2 Bf8 12.a3 h6 13.Bc2 Nb8 14.b4 Nbd7 15.Bb2 g6 
16.c4 exd4 17.cxb5 axb5 18.Nxd4 c6 19.a4 bxa4 20.Bxa4 Qb6 21.Nc2 Qc7 22.
Bb3 Ba6 23.Ne3 Bg7 24.Rc1 Bb5 25.Nd5 Qa7 26.Ra1 Qb7 27.Rxa8 Rxa8 28.Nxf6+ 
Bxf6 29.Bxf6 Nxf6 30.Nf3 d5 31.exd5 cxd5 32.Qd4 Ra6 33.Re5 Bc6 34.Qf4 Kg7 
35.Nd4 Rb6 36.Nc2 d4 37.Nxd4 Rxb4 38.Qe3 Rxd4 39.Re7 Rd7 {time} 0-1

[Event "21st Capablanca Memorial group B"]
[Site "Havana CUB"]
[Date "1986.05.22"]
[Round "3"]
[White "Otero, Evelio"]
[Black "Hernandez Onna, Roman"]
[Result "0-1"]
[WhiteElo "2390"]
[BlackElo "2430"]
[EventDate "1986.05.20"]
[PlyCount "120"]

1.c4 c5 2.Nf3 Nf6 3.b3 e6 4.Bb2 d5 5.e3 Nc6 6.cxd5 exd5 7.Be2 Bd6 8.O-O 
O-O 9.d4 cxd4 10.Nxd4 Re8 11.Nd2 a6 12.a3 Bd7 13.b4 Ne5 14.N4f3 Ng6 15.Re1
Bc6 16.Qb3 Qe7 17.Bd4 Ne4 18.Qb2 Nh4 19.Nxe4 Nxf3+ 20.Bxf3 dxe4 21.Be2 Qg5
22.Bc4 h5 23.Qb3 Re7 24.Rac1 b5 25.Bxf7+ Rxf7 26.Rxc6 Bxh2+ 27.Kf1 Qh4 28.
g3 Qh3+ 29.Ke2 Qf5 30.Kd1 Rd8 31.Re2 h4 32.gxh4 Be5 33.Qe6 Bxd4 34.exd4 
Rxd4+ 35.Kc2 Qf3 36.Rd2 Rxd2+ 37.Kxd2 Qxf2+ 38.Kc3 Qe3+ 39.Kb2 Qd4+ 40.Kb3
Qd1+ 41.Kc3 Qf3+ 42.Kd4 e3 43.h5 Qxh5 44.Rc7 e2 45.Rxf7 Qxf7 46.Qxe2 Qf5 
47.Qh2 Qf6+ 48.Kc5 g5 49.Qh5 Kg7 50.Qe2 Kg6 51.Kd5 Qf5+ 52.Kc6 g4 53.Kb6 
Qf6+ 54.Ka5 Qf3 55.Qe6+ Kg5 56.Qe7+ Kf4 57.Qd6+ Ke3 58.Qe5+ Kf2 59.Qd4+ 
Ke2 60.Qb2+ Kf1 {(97)} 0-1

[Event "21st Capablanca Memorial group B"]
[Site "Havana CUB"]
[Date "1986.05.22"]
[Round "3"]
[White "Pinal Borges, Nelson"]
[Black "Pigusov, Evgeny"]
[Result "0-1"]
[WhiteElo "2390"]
[BlackElo "2495"]
[EventDate "1986.05.20"]
[PlyCount "64"]

1.e4 c5 2.c3 Nf6 3.e5 Nd5 4.d4 cxd4 5.Nf3 Nc6 6.Bc4 Nb6 7.Bb3 d5 8.exd6 
Qxd6 9.O-O Be6 10.Na3 dxc3 11.Nb5 Qxd1 12.Rxd1 Rc8 13.Bxe6 fxe6 14.bxc3 
Nc4 15.Re1 e5 16.Na3 Nd6 17.Nxe5 Nxe5 18.Rxe5 g6 19.Nb5 Nxb5 20.Rxb5 b6 
21.Ba3 Bg7 22.Re1 Bf6 23.Rd5 Rc7 24.Rd3 Kf7 25.Rde3 Rhc8 26.Bb2 b5 27.a3 
a5 28.g4 b4 29.axb4 axb4 30.g5 bxc3 31.gxf6 cxb2 32.Rd1 Rc1 {time} 0-1

[Event "21st Capablanca Memorial group B"]
[Site "Havana CUB"]
[Date "1986.05.22"]
[Round "3"]
[White "Vera Gonzalez, Reynaldo"]
[Black "Pecorelli Garcia, Humberto"]
[Result "1-0"]
[WhiteElo "2455"]
[BlackElo "2420"]
[EventDate "1986.05.20"]
[PlyCount "99"]

1.d4 Nf6 2.Nf3 g6 3.c4 Bg7 4.Nc3 d6 5.e4 O-O 6.Be2 e5 7.d5 Nbd7 8.O-O a5 
9.Qc2 Nc5 10.Bg5 h6 11.Be3 b6 12.Nd2 Nh7 13.a3 f5 14.exf5 Bxf5 15.Nde4 
Nxe4 16.Nxe4 Qh4 17.Bd3 a4 18.f3 h5 19.Rad1 Qe7 20.Ng3 Bxd3 21.Qxd3 h4 22.
Ne4 Rf5 23.g4 hxg3 24.hxg3 Qf8 25.Kg2 Bh6 26.g4 Rf7 27.g5 Bg7 28.Ng3 Rf5 
29.Nxf5 Qxf5 30.Qxf5 gxf5 31.f4 e4 32.Rf2 Nf8 33.Kg3 Kf7 34.Rh1 Rb8 35.Rc1
Nd7 36.Rh2 Kg6 37.Rch1 Nf8 38.Rc2 Nd7 39.Rch2 Nf8 40.Rc2 Nd7 41.Bd2 Re8 
42.Bc3 Nf8 43.Kf2 e3+ 44.Kf3 Re4 45.Re1 Rxc4 46.Rxe3 Kf7 47.Bf6 Rxc2 48.
Re7+ Kg6 49.Rxg7+ Kh5 50.Rf7 1-0

[Event "21st Capablanca Memorial group B"]
[Site "Havana CUB"]
[Date "1986.05.22"]
[Round "3"]
[White "Vilela de Acuna, Jose Luis"]
[Black "Moran Nuque, Bernardo"]
[Result "1-0"]
[WhiteElo "2410"]
[BlackElo "2420"]
[EventDate "1986.05.20"]
[PlyCount "85"]

1.d4 Nf6 2.c4 e6 3.Nf3 d5 4.Nc3 Be7 5.Bg5 Nbd7 6.e3 O-O 7.Rc1 b6 8.cxd5 
exd5 9.Be2 Bb7 10.O-O h6 11.Bf4 c5 12.Ne5 a6 13.Nxd7 Nxd7 14.Bf3 Nf6 15.
dxc5 bxc5 16.Qb3 Bc6 17.Rfd1 c4 18.Qc2 Qa5 19.Be5 Rfd8 20.Qf5 Ra7 21.h3 
Bd7 22.Qf4 Be6 23.Rc2 Rad7 24.Rcd2 Ne8 25.Qg3 Kf8 26.h4 f6 27.Bd4 Nd6 28.
Bg4 Bxg4 29.Qxg4 Nb5 30.e4 Bb4 31.exd5 Bxc3 32.Bxc3 Nxc3 33.bxc3 Qxc3 34.
Rd4 Qa5 35.Rxc4 Rxd5 36.Rdc1 R5d7 37.a4 Qe5 38.g3 Rd4 39.Rxd4 Qxd4 40.Qe6 
Qxa4 41.Rc7 Qe8 42.Qg4 g6 43.Qf4 1-0

[Event "21st Capablanca Memorial group B"]
[Site "Havana CUB"]
[Date "1986.05.23"]
[Round "4"]
[White "Garcia Martinez, Silvino"]
[Black "Garcia, Gildardo"]
[Result "1/2-1/2"]
[WhiteElo "2455"]
[BlackElo "2400"]
[EventDate "1986.05.20"]
[PlyCount "37"]

1.e4 e5 2.Nf3 Nc6 3.Bb5 a6 4.Ba4 Nf6 5.O-O Nxe4 6.d4 b5 7.Bb3 d5 8.dxe5 
Be6 9.Nbd2 Nc5 10.c3 Bg4 11.h3 Bh5 12.Bc2 Be7 13.Re1 Qd7 14.Nf1 Bg6 15.Ng3
O-O 16.Be3 Ne6 17.Nf5 Rad8 18.a4 b4 19.a5 1/2-1/2

[Event "21st Capablanca Memorial group B"]
[Site "Havana CUB"]
[Date "1986.05.23"]
[Round "4"]
[White "Hernandez Onna, Roman"]
[Black "Vera Gonzalez, Reynaldo"]
[Result "1/2-1/2"]
[WhiteElo "2430"]
[BlackElo "2455"]
[EventDate "1986.05.20"]
[PlyCount "21"]

1.d4 d5 2.c4 e6 3.Nf3 Nf6 4.Nc3 Nbd7 5.Bg5 c6 6.e3 Qa5 7.Nd2 Bb4 8.Qc2 
dxc4 9.Bxf6 Nxf6 10.Nxc4 Qc7 11.Be2 1/2-1/2

[Event "21st Capablanca Memorial group B"]
[Site "Havana CUB"]
[Date "1986.05.23"]
[Round "4"]
[White "Lukacs, Peter"]
[Black "Pinal Borges, Nelson"]
[Result "1-0"]
[WhiteElo "2460"]
[BlackElo "2390"]
[EventDate "1986.05.20"]
[PlyCount "75"]

1.d4 d5 2.c4 Nc6 3.Nf3 Bg4 4.cxd5 Bxf3 5.gxf3 Qxd5 6.e3 e5 7.Nc3 Bb4 8.Bd2
Bxc3 9.bxc3 Qd6 10.Rb1 b6 11.f4 exf4 12.e4 Nge7 13.Qf3 O-O 14.Bxf4 Qa3 15.
Be2 Ng6 16.Bg3 Nce7 17.h4 Qxa2 18.Qd3 Rfe8 19.O-O c6 20.Bg4 f6 21.Bd1 Kh8 
22.Bb3 Qa5 23.f4 f5 24.e5 b5 25.h5 Nf8 26.Bh4 Qc7 27.h6 Nd5 28.Bxd5 cxd5 
29.Qxf5 Re6 30.hxg7+ Qxg7+ 31.Kf2 Kg8 32.Bf6 Qf7 33.Rxb5 Rae8 34.Rg1+ Ng6 
35.Rb7 Qxb7 36.Rxg6+ hxg6 37.Qxg6+ Kf8 38.Qh6+ 1-0

[Event "21st Capablanca Memorial group B"]
[Site "Havana CUB"]
[Date "1986.05.23"]
[Round "4"]
[White "Pecorelli Garcia, Humberto"]
[Black "Bellon Lopez, Juan Manuel"]
[Result "1/2-1/2"]
[WhiteElo "2420"]
[BlackElo "2430"]
[EventDate "1986.05.20"]
[PlyCount "98"]

1.Nf3 c5 2.b3 e6 3.Bb2 Nf6 4.e3 a6 5.c4 b6 6.Be2 Bb7 7.O-O d6 8.Nc3 Nbd7 
9.d4 Rc8 10.Rc1 Rc7 11.Ne1 g6 12.Bf3 Bg7 13.Bxb7 Rxb7 14.dxc5 dxc5 15.Qf3 
Qc7 16.Nd3 O-O 17.Rfd1 Rbb8 18.Ne4 Nxe4 19.Bxg7 Kxg7 20.Qxe4 Rfd8 21.f3 
Rbc8 22.Nf2 Nf6 23.Qc2 Qe5 24.Rd3 Rxd3 25.Qxd3 Rc7 26.Qc3 Qxc3 27.Rxc3 Rd7
28.Rd3 e5 29.Rxd7 Nxd7 30.Kf1 f5 31.Ke2 Kf6 32.Kd3 Ke6 33.Nd1 e4+ 34.fxe4 
Ne5+ 35.Kd2 fxe4 36.Nc3 Kf5 37.Nd5 Nd7 38.Nc3 g5 39.Ke2 h5 40.Kd2 h4 41.h3
Ne5 42.Ke2 Nd3 43.Kd2 Ne5 44.Ke2 Nd7 45.Kd2 Nf6 46.Na4 Nd7 47.Nc3 Nf6 48.
Na4 Nd7 49.Nc3 Nf6 1/2-1/2

[Event "21st Capablanca Memorial group B"]
[Site "Havana CUB"]
[Date "1986.05.23"]
[Round "4"]
[White "Pigusov, Evgeny"]
[Black "Verduga Zavala, Denis Homero"]
[Result "1/2-1/2"]
[WhiteElo "2495"]
[BlackElo "2425"]
[EventDate "1986.05.20"]
[PlyCount "113"]

1.Nf3 g6 2.d4 Bg7 3.c4 c5 4.e4 Qa5+ 5.Bd2 Qb6 6.Bc3 cxd4 7.Nxd4 Nf6 8.Nd2 
d6 9.Be2 O-O 10.O-O Nbd7 11.N4b3 Qc7 12.Rc1 b6 13.Bd3 Bb7 14.Qe2 e5 15.
Rfd1 Nh5 16.g3 Rae8 17.Nf1 f5 18.f3 Nc5 19.Nxc5 Qxc5+ 20.Kg2 Nf6 21.Nd2 
Bh6 22.Rc2 Re7 23.a3 Qc6 24.Kg1 Qc5+ 25.Kg2 Ref7 26.exf5 Bxd2 27.Rcxd2 e4 
28.fxe4 gxf5 29.Bxf6 Rxf6 30.Re1 fxe4 31.Bxe4 Re8 32.Rd5 Rxe4 33.Qxe4 Qf2+
34.Kh1 Rf7 35.Qe2 Qxe2 36.Rxe2 Rf1+ 37.Kg2 Rd1 38.Re7 Bxd5+ 39.cxd5 Rxd5 
40.Rxa7 Rd2+ 41.Kf3 Rxb2 42.h4 b5 43.Kf4 b4 44.axb4 Rxb4+ 45.Kg5 Rb3 46.g4
d5 47.Ra8+ Kg7 48.Ra7+ Kg8 49.Ra8+ Kg7 50.h5 h6+ 51.Kf5 d4 52.Ra7+ Kg8 53.
Ra6 Kh7 54.Rd6 d3 55.Rd4 Kg7 56.Ke4 Kf6 57.Kf4 1/2-1/2

[Event "21st Capablanca Memorial group B"]
[Site "Havana CUB"]
[Date "1986.05.23"]
[Round "4"]
[White "Vilela de Acuna, Jose Luis"]
[Black "Otero, Evelio"]
[Result "1/2-1/2"]
[WhiteElo "2410"]
[BlackElo "2390"]
[EventDate "1986.05.20"]
[PlyCount "53"]

1.d4 Nf6 2.c4 c5 3.d5 g6 4.Nc3 Bg7 5.e4 d6 6.Bd3 O-O 7.Nge2 e6 8.O-O exd5 
9.cxd5 Na6 10.f3 Nb4 11.Bb1 Bd7 12.a3 Na6 13.a4 Nb4 14.Bg5 Re8 15.Qd2 Qc7 
16.Kh1 a6 17.g4 Kh8 18.Bh6 Bxh6 19.Qxh6 Qd8 20.Ng3 Qe7 21.Qd2 b5 22.a5 Ng8
23.Ra3 Qf8 24.Nce2 f6 25.Rb3 Rac8 26.Kg2 Re7 27.h3 1/2-1/2

[Event "21st Capablanca Memorial group B"]
[Site "Havana CUB"]
[Date "1986.05.25"]
[Round "5"]
[White "Garcia, Gildardo"]
[Black "Pecorelli Garcia, Humberto"]
[Result "1/2-1/2"]
[WhiteElo "2400"]
[BlackElo "2420"]
[EventDate "1986.05.20"]
[PlyCount "90"]

1.e4 e6 2.d4 d5 3.Nc3 Bb4 4.e5 Ne7 5.Bd2 Nf5 6.Nf3 c5 7.dxc5 Bxc5 8.Bd3 
Nc6 9.O-O O-O 10.Re1 a6 11.a3 h6 12.b4 Ba7 13.b5 Ncd4 14.Nxd4 Bxd4 15.Bxf5
exf5 16.Rb1 Be6 17.Qf3 Qc7 18.bxa6 bxa6 19.Nxd5 Bxd5 20.Qxd5 Rad8 21.Qf3 
Bxe5 22.Bb4 Bxh2+ 23.Kh1 Bd6 24.Qxf5 Bxb4 25.Rxb4 Rd2 26.c4 a5 27.Rb5 Qxc4
28.Rxa5 Qc3 29.Re3 Rd1+ 30.Kh2 Qc4 31.Rc5 Qh4+ 32.Rh3 Qd4 33.Rc6 Rd2 34.
Rf3 Qh4+ 35.Qh3 Qd4 36.Qg3 Kh8 37.Rc7 Qd5 38.Rf4 Kg8 39.Rg4 Qh5+ 40.Rh4 
Qd5 41.Rxh6 Rd3 42.f3 Rxa3 43.Rd6 Qh5+ 44.Qh3 Qxh3+ 45.Kxh3 g6 1/2-1/2

[Event "21st Capablanca Memorial group B"]
[Site "Havana CUB"]
[Date "1986.05.25"]
[Round "5"]
[White "Otero, Evelio"]
[Black "Moran Nuque, Bernardo"]
[Result "1/2-1/2"]
[WhiteElo "2390"]
[BlackElo "2420"]
[EventDate "1986.05.20"]
[PlyCount "57"]

1.c4 e6 2.Nf3 Nf6 3.g3 d5 4.b3 c5 5.Bg2 Nc6 6.O-O Be7 7.e3 O-O 8.Bb2 b6 9.
Nc3 Ba6 10.d3 Qc7 11.Qe2 Rfd8 12.Rfd1 Rab8 13.Rac1 Qc8 14.Qc2 Rb7 15.cxd5 
Nb4 16.Qb1 Nfxd5 17.Nxd5 Nxd5 18.d4 Rc7 19.dxc5 Rxc5 20.Rxc5 Qxc5 21.Rc1 
Qa5 22.Ne5 Bb5 23.Bf1 Bf6 24.Bxb5 Bxe5 25.Bf1 Bxb2 26.Qxb2 h5 27.h4 Nf6 
28.b4 Qf5 29.Qc2 1/2-1/2

[Event "21st Capablanca Memorial group B"]
[Site "Havana CUB"]
[Date "1986.05.25"]
[Round "5"]
[White "Pinal Borges, Nelson"]
[Black "Garcia Martinez, Silvino"]
[Result "1/2-1/2"]
[WhiteElo "2390"]
[BlackElo "2455"]
[EventDate "1986.05.20"]
[PlyCount "33"]

1.e4 c5 2.c3 d5 3.exd5 Qxd5 4.d4 e6 5.Nf3 Nf6 6.Bd3 Nc6 7.O-O cxd4 8.cxd4 
Be7 9.Nc3 Qd8 10.a3 O-O 11.Bg5 b6 12.Qd2 Bb7 13.Rad1 Nd5 14.Bxe7 Ncxe7 15.
Ne5 Ng6 16.Nxg6 hxg6 17.Rfe1 1/2-1/2

[Event "21st Capablanca Memorial group B"]
[Site "Havana CUB"]
[Date "1986.05.25"]
[Round "5"]
[White "Vera Gonzalez, Reynaldo"]
[Black "Vilela de Acuna, Jose Luis"]
[Result "1-0"]
[WhiteElo "2455"]
[BlackElo "2410"]
[EventDate "1986.05.20"]
[PlyCount "131"]

1.d4 Nf6 2.c4 e6 3.Nf3 b6 4.a3 Ba6 5.Qc2 Bb7 6.Nc3 c5 7.e4 cxd4 8.Nxd4 d6 
9.Be2 Be7 10.O-O O-O 11.Rd1 Nbd7 12.b4 a6 13.Nb3 Qc7 14.Bf4 Rfd8 15.Rac1 
Rac8 16.Qb1 Qb8 17.Bg3 Bf8 18.h3 h6 19.Bf1 Kh8 20.a4 Ne8 21.a5 Qa7 22.Bf4 
bxa5 23.Nxa5 Ba8 24.Rc2 Be7 25.Rcd2 Rb8 26.Na4 e5 27.Be3 Qc7 28.Rb2 Bg5 
29.Bxg5 hxg5 30.Nc3 Ndf6 31.Nd5 Bxd5 32.exd5 Rb6 33.Nc6 Rc8 34.Qf5 Ng8 35.
Qxg5 Nef6 36.Qh4+ Nh6 37.Ra2 Kg8 38.c5 dxc5 39.bxc5 Rxc6 40.dxc6 Nf5 41.
Qb4 Qxc6 42.Bxa6 Qxc5 43.Qb1 e4 44.Bxc8 Qxc8 45.Qb3 Qc7 46.Rc2 Qf4 47.Rd8+
Kh7 48.Qb8 Qg5 49.Rh8+ Kg6 50.Qe5 e3 51.fxe3 Qxe3+ 52.Qxe3 Nxe3 53.Rc7 Nf5
54.Rf8 Nh6 55.Ra8 Nf5 56.Raa7 Nh6 57.Kh2 Nh7 58.g4 Nf8 59.Kg3 Ne6 60.Re7 
Kf6 61.h4 g5 62.h5 Nd4 63.Re8 Kg7 64.Rd7 Nc6 65.Rd6 Nb4 66.Re4 1-0

[Event "21st Capablanca Memorial group B"]
[Site "Havana CUB"]
[Date "1986.05.25"]
[Round "5"]
[White "Verduga Zavala, Denis Homero"]
[Black "Lukacs, Peter"]
[Result "1/2-1/2"]
[WhiteElo "2425"]
[BlackElo "2460"]
[EventDate "1986.05.20"]
[PlyCount "28"]

1.c4 Nf6 2.Nc3 e6 3.e4 c5 4.e5 Ng8 5.d4 cxd4 6.Qxd4 Nc6 7.Qe4 d6 8.Nf3 
dxe5 9.Nxe5 Bd7 10.Nxd7 Qxd7 11.Bg5 Bb4 12.Rd1 Qc7 13.Be2 Nf6 14.Qe3 Qe5 
1/2-1/2

[Event "21st Capablanca Memorial group B"]
[Site "Havana CUB"]
[Date "1986.05.26"]
[Round "6"]
[White "Garcia Martinez, Silvino"]
[Black "Verduga Zavala, Denis Homero"]
[Result "1/2-1/2"]
[WhiteElo "2455"]
[BlackElo "2425"]
[EventDate "1986.05.20"]
[PlyCount "28"]

1.e4 c5 2.Nf3 d6 3.d4 cxd4 4.Nxd4 Nf6 5.Nc3 a6 6.Bc4 e6 7.Bb3 b5 8.Bg5 Qb6
9.Bxf6 gxf6 10.Qd3 Nd7 11.O-O-O Nc5 12.Qe2 Bd7 13.Qf3 O-O-O 14.Qxf6 b4 
1/2-1/2